Kabul International Airport Destinations (Kabul, Afghanistan) - Statistics

General Stats
  • This quiz has been taken 123 times
    33 since last reset
  • The average score is 13 of 20
Answer Stats
Airline Destination % Correct
Ariana Afghan Airlines/flydubai/Kam Air Dubai (International)
100%
Kam Air Doha
96%
Ariana Afghan Airlines/Iran Airtour/Kam Air/Mahan Air/Yazd Airlines Tehran (Imam Khomeini)
96%
Ariana Afghan Airlines/Kam Air Islamabad
88%
Kam Air Abu Dhabi
85%
Ariana Afghan Airlines/Kam Air/Turkish Airlines Istanbul
85%
Kam Air Istanbul (Sabiha Gökçen)
85%
Ariana Afghan Airlines/Kam Air Delhi
81%
Ariana Afghan Airlines/Kam Air Jeddah
69%
Kam Air Riyadh
69%
Air Arabia Sharjah
69%
Ariana Afghan Airlines Moscow (Sheremetyevo)
65%
Ariana Afghan Airlines/Iran Airtour/Kam Air/Kish Air/Mahan Air Mashhad
58%
Kam Air Tashkent
54%
Ariana Afghan Airlines/Kam Air Kandahar
50%
Ariana Afghan Airlines/Kam Air Herat
46%
Ariana Afghan Airlines Ürümqi
46%
Ariana Afghan Airlines/Kam Air Ankara
38%
Ariana Afghan Airlines/Kam Air Mazar-i-Sharif
19%
Kam Air Khost
4%
No matching quizzes found
Score Distribution
Percent of People with Each Score
Percentile by Number Answered
Your Score History
You have not taken this quiz since the last reset